Motivácia a spokojnosť zamestnancov vo vybraných odvetviach národného hospodárstva diplomová práca

Saved in:
Bibliographic Details
Main Author: Niskáčová, Jana
Corporate Author: Podnikovohospodárska fakulta EU so sídlom v Košiciach. Katedra obchodného podnikania
Other Authors: Pružinský, Michal, 1952-
Format: Book
Language:Slovak
Published: Košice 2015
Tags: Add Tag
No Tags, Be the first to tag this record!

MARC

LEADER 00000nbm a2200000 4500
001 0206366
005 20161212094642.5
041 0 |a slo 
044 |a SK 
245 1 0 |a Motivácia a spokojnosť zamestnancov vo vybraných odvetviach národného hospodárstva  |b diplomová práca  |c Jana Niskáčová ; školiteľ: Michal Pružinský 
264 1 |a Košice  |c 2015 
300 |a 90 s. 
100 1 |a Niskáčová, Jana 
700 1 |a Pružinský, Michal, 1952- 
710 2 |a Podnikovohospodárska fakulta EU so sídlom v Košiciach. Katedra obchodného podnikania